বাংলার সামাজিক ও সাংস্কৃতিক ইতিহাস / (Record no. 38807)
[ view plain ]
| 000 -LEADER | |
|---|---|
| fixed length control field | 01154nam a2200241 a 4500 |
| 001 - CONTROL NUMBER | |
| control field | 38807 |
| 003 - CONTROL NUMBER IDENTIFIER | |
| rucl marc code | BD-RjUL |
| 005 - DATE AND TIME OF LATEST TRANSACTION | |
| control field | 20211209052849.0 |
| 008 - FIXED-LENGTH DATA ELEMENTS--GENERAL INFORMATION | |
| fixed length control field | 160301r20081982bg ||||| |||| 00| 0 ben d |
| 020 ## - INTERNATIONAL STANDARD BOOK NUMBER | |
| International Standard Book Number | 9840746952 |
| 035 ## - SYSTEM CONTROL NUMBER | |
| System control number | (BD-RjUL)38916 |
| 040 ## - CATALOGING SOURCE | |
| Original cataloging agency | BD-RjUL |
| Language of cataloging | ben |
| Transcribing agency | BD-RjUL |
| 041 ## - LANGUAGE CODE | |
| Language code of text/sound track or separate title | ben |
| 082 ## - DEWEY DECIMAL CLASSIFICATION NUMBER | |
| Classification number | 954.14 |
| Author mark and year | RAB 2008 |
| Edition number | 23 |
| 100 ## - MAIN ENTRY--PERSONAL NAME | |
| Personal name | রহিম, এম. এ. |
| 9 (RLIN) | 117065 |
| 245 ## - TITLE STATEMENT | |
| Title | বাংলার সামাজিক ও সাংস্কৃতিক ইতিহাস / |
| Statement of responsibility, etc. | এম. এ. রহিম ; মোহাম্মদ আসাদুজ্জামান অনূদিত . |
| Number of part/section of a work | প্রথম খন্ড : |
| Name of part/section of a work | ১২০৩-১৫৭৬ খ্রি. |
| 260 ## - PUBLICATION, DISTRIBUTION, ETC. (IMPRINT) | |
| Place of publication, distribution, etc. | ঢাকা : |
| Name of publisher, distributor, etc. | বাংলা একাডেমী, |
| Date of publication, distribution, etc. | ১৯৮২, |
| -- | [পুনর্মুদ্রণ ২০০৮] |
| 300 ## - PHYSICAL DESCRIPTION | |
| Pagination | ২৩,৩৬০ পৃ. ; |
| Size | ২২ সেমি. |
| 650 ## - SUBJECT ADDED ENTRY--TOPICAL TERM | |
| Topical term or geographic name as entry element | বাংলা (ভারত) |
| General subdivision | সভ্যতা |
| -- | ইতিহাস |
| 9 (RLIN) | 119689 |
| 651 ## - SUBJECT ADDED ENTRY--GEOGRAPHIC NAME | |
| Geographic name | Bengal (India) |
| General subdivision | Civilization |
| -- | History |
| 9 (RLIN) | 117066 |
| 700 ## - ADDED ENTRY--PERSONAL NAME | |
| Personal name | আসাদুজ্জামান, মোহাম্মদ |
| 942 ## - ADDED ENTRY ELEMENTS (KOHA) | |
| Source of classification or shelving scheme | Dewey Decimal Classification |
| Koha item type | Books |
| Lost status | Source of classification or shelving scheme | Damaged status | Not for loan | Collection code | Permanent Location | Current Location | Shelving location | Date acquired | Source of acquisition | Cost, normal purchase price | Total Checkouts | Full call number | Date last seen | Date checked out | Copy number | Koha item type |
|---|---|---|---|---|---|---|---|---|---|---|---|---|---|---|---|---|
| Dewey Decimal Classification | Non-fiction | Central Library, University of Rajshahi | Central Library, University of Rajshahi | 23/06/2013 | ঢাকা, বাংলা একাডেমী | 200.00 | 1 | B 954.14 RAB 2008 | 08/06/2016 | 09/03/2016 | C-3 | Books | ||||
| Dewey Decimal Classification | Not For Loan | Non-fiction | Central Library, University of Rajshahi | Central Library, University of Rajshahi | Reading Room | 23/06/2013 | ঢাকা, বাংলা একাডেমী | 200.00 | B 954.14 RAB 2008 | 02/03/2016 | C-1 | Books | ||||
| Dewey Decimal Classification | Non-fiction | Central Library, University of Rajshahi | Central Library, University of Rajshahi | 23/06/2013 | ঢাকা, বাংলা একাডেমী | 200.00 | 10 | B 954.14 RAB 2008 | 26/08/2025 | 12/08/2025 | C-2 | Books |